A introduction to the biology of marine life
Shranjeno v:
| Glavni avtor: | |
|---|---|
| Format: | Knjiga |
| Jezik: | Undetermined |
| Izdano: |
Boston, MA
McGraw-Hill
1999
|
| Teme: | |
| Oznake: |
Označite
Brez oznak, prvi označite!
|
| Thư viện lưu trữ: | Trung tâm Học liệu Trường Đại học Cần Thơ |
|---|
| LEADER | 00501nam a2200193Ia 4500 | ||
|---|---|---|---|
| 001 | CTU_67719 | ||
| 008 | 210402s9999 xx 000 0 und d | ||
| 020 | |b 49 | ||
| 082 | |a 578.77 | ||
| 082 | |b S955 | ||
| 100 | |a Sumich, James L. | ||
| 245 | 2 | |a A introduction to the biology of marine life | |
| 245 | 0 | |c James L. Sumich | |
| 260 | |a Boston, MA | ||
| 260 | |b McGraw-Hill | ||
| 260 | |c 1999 | ||
| 650 | |a Marine biology | ||
| 904 | |i Minh | ||
| 980 | |a Trung tâm Học liệu Trường Đại học Cần Thơ | ||